Revoca testamentaria e translatio legati
Uloženo v:
| Hlavní autor: | |
|---|---|
| Médium: | Kniha |
| Jazyk: | italština |
| Vydáno: |
Milán
Dott. A. Giuffrè
1962
|
| Témata: | |
| Tagy: |
Přidat tag
Žádné tagy, Buďte první, kdo vytvoří štítek k tomuto záznamu!
|
MARC
| LEADER | 00000nam a2200000 a 4500 | ||
|---|---|---|---|
| 001 | UCR0971 | ||
| 003 | CL-VaPUC | ||
| 008 | 971205e19620000IT |||||||||||||||||ita|d | ||
| 082 | 0 | 4 | |a 340.54 |b TAL |2 21 |
| 100 | 0 | |a Talamanca, Mario |e author |9 397655 | |
| 245 | 1 | 0 | |a Revoca testamentaria e translatio legati |
| 300 | |a 348 p | ||
| 942 | |c BK | ||
| 945 | |d 19971205 00:00:00 |a aolguin | ||
| 260 | |a Milán |b Dott. A. Giuffrè |c 1962 | ||
| 650 | 0 | |a Derecho romano |9 255930 | |
| 650 | 0 | |a Derecho sucesorio (Derecho romano) |9 872235 | |
| 650 | 0 | |a Testamento |9 258220 | |
| 650 | 0 | |a Herencia |9 256325 | |
| 650 | 7 | |a LEGADO |2 CL-VaPUC |9 397656 | |
| 583 | |a last modification |c 19971205 00:00:00 |k Rodrigo Vera | ||
| 999 | |c 264468 |d 264466 | ||
| 952 | |0 0 |1 0 |4 0 |6 340_540000000000000_TAL_1962 |7 0 |8 DER_ROM |9 294746 |a BIBDER |b BIBDER |d 2019-11-19 |i 1909304 |o 340.54 TAL 1962 |p 1909304 |r 2023-01-25 |w 2019-11-19 |x Ubicación 4to piso |y BK |z Este recurso debe solicitarse con anticipación |k DER | ||